| 000 | 00000nam 2200000zi 4500 |
| 001 | 9.935827 |
| 003 | CaOODSP |
| 005 | 20241203113656 |
| 006 | m o d f |
| 007 | cr |n||||||||| |
| 008 | 230913s1988 onc ob f|0| 0 eng d |
| 040 | |aCaOODSP|beng|erda|cCaOODSP |
| 043 | |an-cn--- |
| 086 | 1 |aEn40-1129/1988E-PDF |
| 245 | 00|aReport on the economic profile of the hazardous waste management service subsector in Canada : |bfinal report / |cby Fenco Newfoundland Lavalin. |
| 264 | 1|aOttawa, Ontario : |bEnvironment Canada = Environnement Canada, |c[1988] |
| 300 | |a1 online resource (1 volume (various pagings)) + |eappendices A to E (various pagings)) |
| 336 | |atext|btxt|2rdacontent |
| 337 | |acomputer|bc|2rdamedia |
| 338 | |aonline resource|bcr|2rdacarrier |
| 500 | |aDigitized edition from print [produced by Environment and Climate Change Canada]. |
| 504 | |aIncludes bibliographical references. |
| 650 | 0|aHazardous waste management industry|zCanada. |
| 650 | 0|aHazardous wastes|xEconomic aspects|zCanada. |
| 650 | 6|aDéchets dangereux|xGestion|xIndustrie|zCanada. |
| 650 | 6|aDéchets dangereux|xAspect économique|zCanada. |
| 710 | 1 |aCanada. |bEnvironment Canada, |eissuing body. |
| 710 | 1 |aFenco Newfoundland Limited, |econsultant. |
| 856 | 40|qPDF|s3.44 MB|uhttps://publications.gc.ca/collections/collection_2024/eccc/en40/En40-1129-1988-eng.pdf|zFinal report |
| 856 | 40|qPDF|s3.08 MB|uhttps://publications.gc.ca/collections/collection_2024/eccc/en40/En40-1129-1988-1-eng.pdf|zAppendices |